Statistics for Random City to Country - Letter N

Click here to take the quiz!

General Stats

  • This quiz has been taken 104 times
  • The average score is 8 of 10

Answer Stats

N cityCountry% Correct
NashvilleUnited States
98%
NorthamptonUnited Kingdom
98%
NovosibirskRussia
95%
NassauBahamas
91%
NaganoJapan
87%
NiameyNiger
85%
NancyFrance
80%
NingboChina
72%
NouakchottMauritania
70%
NijmegenNetherlands
49%

Score Distribution

Percentile by Number Answered

Percent of People with Each Score

Your Score History

You have not taken this quiz